|
|
|
|
| LEADER |
01426nam a22002773u 4500 |
| 001 |
GR-AiPI-152604 |
| 003 |
GR-PaULI |
| 005 |
20201007174329.0 |
| 008 |
080122s1990 -uka g 1 eng d |
| 952 |
|
|
|0 0
|1 0
|2 ddc
|4 0
|6 553_640000000000000_PHO
|7 0
|9 12425
|a LISA
|b LISA
|c BSC
|d 2016-04-24
|l 0
|o 553.64 PHO
|p 026000327429
|r 2016-04-24 00:00:00
|t 1
|v 2016.00
|w 2016-04-24
|y BK15
|
| 999 |
|
|
|c 6451
|d 6451
|
| 020 |
|
|
|a 0903317532
|
| 040 |
|
|
|a GR-PaULI
|b gre
|c GR-PaULI
|d GR-AiPI
|e AACR2
|
| 082 |
0 |
4 |
|a 553.64
|2 23
|
| 245 |
0 |
0 |
|a Phosphorite research and development /
|c edited by A. J. G. Nothol, I. Jarvis.
|
| 260 |
|
|
|a London :
|b Geological Society,
|c 1990.
|
| 300 |
|
|
|a ix, 326 σ. :
|b εικ. ;
|c 26 εκ.
|
| 490 |
1 |
|
|a Geological Society special publication
|v 52
|
| 500 |
|
|
|a "Papers contributed to the 11th and Final International Field Workshop and Symposium of the International Geological Correlation Programme (IGCP) Project 156: Phosphorites, which was held at Hertford College, Oxford, England, 5-8 September, 1988"--P. v.
|
| 504 |
|
|
|a Περιλαμβάνει βιβλιογραφικές παραπομπές και ευρετήριο.
|
| 650 |
|
4 |
|a Απατίτης
|9 183598
|
| 700 |
1 |
|
|a Notholt, Arthur John George
|9 13411
|e επιμελητής.
|
| 700 |
1 |
|
|a Jarvis, Ian
|9 13412
|e επιμελητής.
|
| 830 |
|
0 |
|9 171554
|a Geological Society special publication
|v 52
|
| 942 |
|
|
|2 ddc
|c BK15
|
| 998 |
|
|
|c ΛΟΥΚΟΠΟΥΛΟΥ
|d 2020-10
|